Student's book; Outcomes. Intermediate

Detalles Bibliográficos
Parent link:Outcomes. Intermediate. Student's book.— 2-nd ed..— , 2020
Autor Principal: Dellar H. Hugh
Outros autores: Walkley A. Andrew
Summary:The second edition of Outcomes has been fully revised and updated to provide contemporary, global content and stunning National Geographic photos and videos. Its trademark lexically-rich approach shows students how vocabulary works, and the evenly-paced grammar syllabus provides examples and tasks based on what people actually say and write. With a huge variety of talking points and practice, Outcomes teaches students the English they need to communicate outside the classroom.
Idioma:inglés
Publicado: 2020
Subjects:
Formato: Libro
KOHA link:https://koha.lib.tpu.ru/cgi-bin/koha/opac-detail.pl?biblionumber=347793

MARC

LEADER 00000nam2a2200000 4500
001 347793
005 20231102010033.0
010 |a 9781305651890 
035 |a (RuTPU)RU\TPU\book\379748 
035 |a RU\TPU\book\293379 
035 |a RU\TPU\book\293389 
090 |a 347793 
100 |a 20140925d2020 m y0engy50 ba 
101 0 |a eng 
102 |a GB 
105 |a a j 000zy 
200 0 |a Student's book  |f H. Dellar, A. Walkley 
210 |d 2020 
215 |a 216 p.  |c il.  |e DVD-ROM 
330 |a The second edition of Outcomes has been fully revised and updated to provide contemporary, global content and stunning National Geographic photos and videos. Its trademark lexically-rich approach shows students how vocabulary works, and the evenly-paced grammar syllabus provides examples and tasks based on what people actually say and write. With a huge variety of talking points and practice, Outcomes teaches students the English they need to communicate outside the classroom. 
461 1 |0 (RuTPU)RU\TPU\book\379762  |t Outcomes. Intermediate  |v Student's book  |e 2-nd ed.  |d 2020 
606 1 |a Английский язык  |x Учебные руководства и пособия  |x Учебные руководства и пособия для высшей школы  |2 stltpush  |3 (RuTPU)RU\TPU\subj\29071  |9 52483 
610 1 |a лексика 
610 1 |a грамматика 
610 1 |a разговорная речь 
610 1 |a упражнения 
610 1 |a аутентичная литература 
610 1 |a DVD-ROM 
686 |a Ш143.21-923  |v LBC/SL-A  |2 rubbk 
700 1 |a Dellar  |b H.  |g Hugh 
701 1 |a Walkley  |b A.  |g Andrew 
801 1 |a RU  |b 63413507  |c 20220624 
801 2 |a RU  |b 63413507  |c 20220818  |g RCR 
942 |c BK 
959 |a 12/20220624  |d 11  |e 3507,00  |f ЯЦ_ИФВТ:11